000 00734nam a2200229 i 4500
001 180749
003 ES-MaACL
005 20230929152755.0
008 120709s2006 cu |||| |dspa d
020 _a958-8096-35-9
080 _a821.134.2(729.1)-92"19"
100 1 _aPadura, Leonardo.
_988220
245 1 0 _aEntre dos siglos /
_cLeonardo Padura.
260 _aLa Habana, Cuba :
_bIPS - Inter Press Service,
_c[2006]
300 _a274 p. ;
_c21 cm.
650 4 _aPolítica y cultura-
_zCuba.
_9162297
651 4 _aCuba-
_xSituación social-
_y1989-
_9150909
852 _aES-MaACL
_jA-12122
_9187666
_bR.147139
_cDEPO1
_dOlim: N-5127
942 _2udc
_cMONOGRAFIA
999 _c180749
_d180749